00778nam a2200241Ia 4500001000600000003000900006008004100015040001300056040001300069041001300082100002200095100002900117245007100146245004900217250001100266260000900277260000900286260004900295300005700344500006900401650003500470650003100505B3898IT-RoPAU130308s9999 xx 000 0 und d aIT-RoPAU cIT-RoPAU aSPAGNOLO aFaucher Francisco gCodice Aut. SPICS: 37931 aHacia una evaluacion de experiencias de fotomontajes audiovisuales bEducacion Y comunicacion popular En El Peru' a2a ed. aLIMA bIPAL c1988 [1° Ed.:1985 - Ed.Ling.Originale:1985] a"11 p. (prefazione: no ; testo: 11 [pagine: 69-79])" aVerso una Valutazione di Esperienze di Fotomontaggi Audiovisivi. aSAGGI DI COMUNICAZIONE SOCIALE eCodice materia Spics: 3807